00262nam a2200097 a 450000500170000000800410001705000190005824500450007726000230012265000190014520141022142006.0100906s19uu xx 00 eng d aVCDbD54 2000_ aReporters at War :bDying for the story. bDiscovery channel. amotion picture